000 00698nam a2200205Ia 4500
005 20260121110215.0
008 008 260114s9999 xx 000 0 hin d
020 _a9788132301189
037 _aEBOOK
040 _aCRL
_bhin
_cCRL
041 _ahin
_2hin
084 _qCRL
100 _aमृदुला सिन्हा / Mridula Sinha
_9943342
245 0 _aव्यक्तित्व के आधुनिक सिद्धान्त / Vyaktitva ke aadhunik siddhant
260 _bभाषा प्रकाशन / Bhasha Prakashan
_c2020
856 _uhttps://bhashaprakashan.com/product-details/377784
942 _cEBOOK
999 _c1535007
_d1535007